000 00334pab a2200145 454500
008 180718b2005 xxu||||| |||| 00| 0 eng d
100 _aMaccoby, Michael
245 _aWhy people follow the leader
260 _c2005
300 _ap.60-69.
362 _aJan
650 _aLeadership
773 _aIndian Management
909 _a64163
999 _c64163
_d64163